=LDR 00000nam 2200000 4500 =001 INLIS000000000021156 =005 20130612120035 =008 ***********************************Ind** =035 ##$$0010-061300000021156 =041 ##$$a Ind =082 ##$$a 2x5.1 =090 ##$$a 2x5.1, Jai r =100 ##$$a Al-Jailani, Syekh Abdul-Qadir =245 ##$$a Rahasia dibalik rahasia, Syekh Abdul-Qadir Al-Jailani =260 ##$$a [s.a] $b Jakarta =300 ##$$a 194 hlm, 21 cm =650 ##$$a Akhlak =850 ##$$a NBPNMAT